[Event "Michigan Class D/E"]
[Site "Auburn Hills"]
[Date "2005.01.15"]
[Round "2.10"]
[White "Scheller, Will"]
[Black "Larson, Eric"]
[Result "0-1"]
[WhiteElo "988"]
[BlackElo "1098"]
[PlyCount "68"]
[EventDate "2005.01.15"]
[EventType "swiss"]
[EventRounds "5"]
[EventCountry "USA"]
[SourceTitle "EXT 2006"]
[Source "ChessBase"]
[SourceDate "2005.11.24"]
[SourceVersion "1"]
[SourceVersionDate "2005.11.24"]
[SourceQuality "1"]

1. d4 d5 2. c4 e6 3. Nf3 c5 4. e3 cxd4 5. Nxd4 Nf6 6. Nc3 a6 7. Be2 Bd6 8. 0-0 Qc7 9. cxd5 exd5 10. Nf3 Be6 11. g3 h6 12. Re1 0-0 13. Bf1 Bb4 14. Bd2 Bg4 15. h3 Be6 16. Bg2 Nc6 17. a3 Bc5 18. b4 Ba7 19. Bc1 Rfd8 20. Bb2 d4 21. Nxd4 Nxd4 22. exd4 Bxd4 23. Qc1 Qxg3 24. Ne2 Qxf2+ 25. Kh1 Be3 26. Qc7 Rd2 27. Bxf6 Rxe2 28. Rxe2 Qxe2 29. Bxg7 Kxg7 30. Qe5+ Kg6 31. Bxb7 Rd8 32. Qg3+ Kf6 33. Bxa6 Bd5+ 34. Qf3+ Bxf3# 0-1

[Event "Michigan Action"]
[Site "Warren"]
[Date "2004.12.11"]
[Round "1"]
[White "Bee, Anthony"]
[Black "Scheller, Will"]
[Result "1-0"]
[WhiteElo "1863"]
[BlackElo "988"]
[PlyCount "53"]
[EventDate "2004.12.11"]
[EventType "swiss"]
[EventRounds "5"]
[EventCountry "USA"]
[SourceTitle "EXT 2007"]
[Source "ChessBase"]
[SourceDate "2006.11.23"]
[SourceVersion "1"]
[SourceVersionDate "2006.11.23"]
[SourceQuality "1"]

1. d4 d5 2. Nf3 Nf6 3. e3 e6 4. Bd3 Bd6 5. 0-0 0-0 6. Nbd2 c5 7. c3 Nc6 8. Re1 cxd4 9. exd4 Re8 10. Ne5 Bd7 11. Ndf3 Qb8 12. h3 h6 13. Bd2 b5 14. Qc1 a5 15. Bxh6 gxh6 16. Qxh6 Ne4 17. Nxd7 Qd8 18. Rxe4 dxe4 19. Nf6+ Qxf6 20. Qxf6 exd3 21. Ng5 Re7 22. Ne4 Rd8 23. Rd1 Be5 24. dxe5 Rd5 25. Qg5+ Kf8 26. Nf6 Re8 27. Nh7# 1-0